Deutsche Städte mit R - Statistiken

Allgemein
  • Dieses Quiz wurde 56 mal gespielt
  • Das Durchschnittsergebnis liegt bei 39 aus 110
Antwortstatistiken
Einwohnerzahl Bundesland Regierungsbezirk (Land-)kreis weitere Untergliederung Stadt % Korrekt
209.920 Mecklenburg-Vorpommern - - - Hansestadt Rostock
98%
11.009 Bayern Niederbayern Regen - Regen (Stadt)
98%
111.693 Nordrhein-Westfalen Münster Recklinghausen - Recklinghausen
96%
159.465 Bayern Oberpfalz - - Regensburg
93%
117.547 Baden-Württemberg Tübingen Reutlingen - Reutlingen
93%
51.310 Baden-Württemberg Karlsuhe Rastatt - Rastatt
87%
51.482 Baden-Württemberg Tübingen Ravensburg Gemeindeverwaltungs-verband Mittleres Schussental Ravensburg
84%
25.405 Bayern Mittelfranken Roth - Roth
82%
14.020 Hessen Kassel Hersfeld-Rotenburg - Rotenburg an der Fulda
73%
22.789 Niedersachsen - Rotenburg (Wümme) - Rotenburg (Wümme)
73%
44.653 Baden-Württemberg Tübingen Tübingen - Rottenburg am Neckar
73%
8.616 Bayern Niederbayern Landshut - Rottenburg an der Laaber
73%
25.513 Baden-Württemberg Freiburg Rottweil - Rottweil
73%
112.970 Nordrhein-Westfalen Düsseldorf - - Remscheid
71%
24.767 Thüringen - Saalfeld-Rudolstadt - Rudolstadt
71%
30.545 Schleswig-Holstein - Rendsburg-Eckernförde - Rendsburg
69%
11.385 Bayern Mittelfranken Ansbach - Rothenburg ob der Tauber
67%
4.292 Sachsen - Görlitz Verwaltungsgemeinschaft Rothenburg/O.L. Rothenburg (Oberlausitz)
67%
65.192 Bayern Oberbayern - - Rosenheim
64%
67.656 Hessen Darmstadt Groß-Gerau - Rüsselsheim am Main
64%
87.513 Nordrhein-Westfalen Düsseldorf Mettmann - Ratingen
62%
20.273 Sachsen - Vogtlandkreis Verwaltungsgemeinschaft Reichenbach im Vogtland Reichenbach im Vogtland
62%
4.789 Sachsen - Görlitz Verwaltungsgemeinschaft Reichenbach/O.L. Reichenbach (O.L.)
62%
8.250 Rheinland-Pfalz - Kaiserslautern Verbandsgemeinde Ramstein-Miesenbach Ramstein-Miesenbach
58%
78.220 Nordrhein-Westfalen Münster Steinfurt - Rheine
58%
1.584 Brandenburg - Havelland Amt Rhinow Rhinow
58%
15.721 Mecklenburg-Vorpommern - Vorpommern-Rügen Amt Ribnitz-Damgarten Ribnitz-Damgarten
58%
6.675 Rheinland-Pfalz - Südwestpfalz Verbandsgemeinde Rodalben Rodalben
58%
1.673 Bayern Unterfranken Würzburg Verwaltungsgemeinschaft Röttingen Röttingen
58%
8.082 Rheinland-Pfalz - Westerwaldkreis Verbandsgemeinde Ransbach-Baumbach Ransbach-Baumbach
56%
3.605 Mecklenburg-Vorpommern - Nordwestmecklenburg Amt Rehna Rehna
56%
4.448 Rheinland-Pfalz - Westerwaldkreis Verbandsgemeinde Rennerod Rennerod
56%
5.075 Mecklenburg-Vorpommern - Mecklenburgische Seenplatte Amt Röbel-Müritz Röbel (Müritz)
56%
5.716 Sachsen - Mittelsachsen Verwaltungsgemeinschaft Rochlitz Rochlitz
56%
5.254 Thüringen - Wartburgkreis Erfüllende Gemeinde für Seebach Ruhla
56%
1.660 Thüringen - Saale-Orla-Kreis Verwaltungsgemeinschaft Ranis-Ziegenrück Ranis
53%
6.525 Niedersachsen - Schaumburg Samtgemeinde Rodenberg Rodenberg
53%
3.737 Brandenburg - Oderspreewald-Lausitz Amt Ruhland Ruhland
53%
2.387 Niedersachsen - Heidekreis Samtgemeinde Rethem/Aller Rethem (Aller)
51%
4.249 Rheinland-Pfalz - Rhein-Hunsrück-Kreis Verbandsgemeinde Simmern-Rheinböllen Rheinböllen
51%
1.351 Mecklenburg-Vorpommern - Vorpommern-Rügen Amt Franzburg-Richtenberg Richtenberg
51%
2.690 Hessen Gießen Vogtlandkreis Gemeindeverwaltungs-verband Feldatal-Grebenau-Romrod-Schwalmtal Romrod
51%
29.127 Sachsen - Meißen - Riesa
49%
49.849 Nordrhein-Westfalen Detmold Gütersloh - Rheda-Wiedenbrück
47%
46.683 Hessen Darmstadt Offenbach - Rodgau
47%
33.804 Sachsen - Meißen - Radebeul
42%
10.180 Hessen Darmstadt Rheingau-Taunus-Kreis - Rüdesheim am Rhein
40%
17.426 Rheinland-Pfalz - Ahrweiler - Remagen
38%
31.096 Nordrhein-Westfalen Düsseldorf Wesel - Rheinberg
36%
18.824 Sachsen - Bautzen - Radeberg
33%
7.614 Sachsen - Meißen - Radeberg
33%
32.043 Baden-Württemberg Freiburg Konstanz - Radolfzell am Bodensee
33%
25.626 Niedersachsen - Schaumburg - Rinteln
33%
28.835 Hessen Darmstadt Offenbach - Rödermark
31%
19.837 Nordrhein-Westfalen Münster Borken - Rhede
27%
29.206 Nordrhein-Westfalen Köln Rheinisch-Bergischer Kreis - Rösrath
27%
24.918 Brandenburg - Havelland - Rathenow
24%
14.552 Schleswig-Holstein - Herzogtum Lauenburg - Ratzeburg
24%
26.549 Baden-Württemberg Stuttgart Ludwigsburg - Remseck am Neckar
22%
11.343 Baden-Württemberg Freiburg Ortenaukreis - Rheinau (Baden)
22%
33.581 Baden-Württemberg Freiburg Lörrach - Rheinfelden (Baden)
22%
11.029 Baden-Württemberg Tübingen Biberach - Riedlingen
22%
15.859 Nordrhein-Westfalen Detmold Minden-Lübbecke - Rahden
20%
16.564 Hessen Darmstadt Groß-Gerau - Raunheim
20%
6.997 Hessen Darmstadt Wetteraukreis - Reichelsheim (Wetterau)
20%
3.037 Rheinland-Pfalz - Mayen-Koblenz Verbandsgemeinde Rhein-Mosel Rhens
20%
24.464 Hessen Darmstadt Groß-Gerau - Riedstadt
20%
30.461 Nordrhein-Westfalen Detmold Gütersloh - Rietberg
20%
22.159 Nordrhein-Westfalen Köln Oberbergischer Kreis - Radevormwald
18%
21.452 Nordrhein-Westfalen Düsseldorf Kleve - Rees
18%
16.729 Hessen Darmstadt Darmstadt-Dieburg - Reinheim
18%
27.238 Nordrhein-Westfalen Köln Rhein-Sieg-Kreis - Rheinbach
16%
7.971 Brandenburg - Ostprignitz-Ruppin - Rheinsberg
16%
13.224 Bayern Oberpfalz Cham - Roding
16%
18.596 Baden-Württemberg Stuttgart Böblingen - Renningen
13%
20.659 Baden-Württemberg Karlsruhe Karlsruhe - Rheinstetten
13%
9.366 Bayern Oberfranken Hof - Rehau
11%
28.579 Schleswig-Holstein - Stormarn - Reinbek
11%
11.049 Nordrhein-Westfalen Arnsberg Soest - Rüthen
11%
4.467 Sachsen - Sächsische Schweiz-Osterzgebirge - Rabenau (Sachsen)
9%
5.098 Thüringen - Greiz - Ronneburg (Thüringen)
9%
6.547 Baden-Württemberg Tübingen Zollernalbkreis - Rosenfeld
9%
6.605 Sachsen - Leipzig - Rötha
9%
8.782 Sachsen-Anhalt - Anhalt-Bitterfeld - Raguhn-Jeßnitz
7%
24.505 Niedersachsen - Region Hannover - Ronnenberg
7%
9.518 Hessen Gießen Limburg-Weilburg - Runkel
7%
9.472 Bayern Schwaben Donau-Ries - Rain (Lech)
4%
8.736 Baden-Württemberg Karlsruhe Rhein-Neckar-Kreis - Rauenberg
4%
4.615 Hessen Gießen Marburg-Biedenkopf - Rauschenberg
4%
2.961 Baden-Württemberg Karlsruhe Neckar-Odenwald-Kreis - Ravenstein
4%
9.023 Schleswig-Holstein - Stormarn - Reinfeld (Holstein)
4%
7.433 Baden-Württemberg Freiburg Ortenaukreis - Renchen
4%
5.397 Rheinland-Pfalz - Donnersbergkreis Verbandsgemeinde Nordpfälzer Land Rockenhausen
4%
12.947 Bayern Oberfranken Coburg - Rödental
4%
13.199 Hessen Darmstadt Wetteraukreis - Rosbach vor der Höhe
4%
2.111 Hessen Kassel Waldeck-Frankenberg - Rosenthal (Hessen)
4%
12.565 Bayern Mittelfranken Nürnberger Land - Röthenbach an der Pegnitz
4%
3.328 Bayern Oberpfalz Cham - Rötz
4%
11.056 Baden-Württemberg Stuttgart Böblingen - Rutesheim
4%
2.514 Thüringen - Sömmerda Verwaltungsgemeinschaft Kölleda Rastenberg
2%
3.845 Sachsen Sachsen Leipzig - Regis-Breitingen
2%
10.188 Niedersachsen - Nienburg/Weser - Rehburg-Loccum
2%
2.192 Mecklenburg-Vorpommern - Rostock Neubukow-Salzhaff Rerik
2%
6.230 Bayern Niederbayern Kelheim - Riedenburg
2%
1.941 Bayern Unterfranken Main-Spessart - Rieneck
2%
6.571 Thüringen - Hildburghausen - Römhild
2%
7.206 Thüringen - Kyffhäuserkreis - Roßleben-Wiehe
2%
7.297 Sachsen - Mittelsachsen - Roßwein
2%
1.022 Bayern Unterfranken Main-Spessart Verwaltungsgemeinschaft Marktheidenfeld Rothenfels
2%
6.396 Sachsen - Vogtlandkreis - Rodewisch
0%
Keine übereinstimmenden Quizze gefunden
Verteilung der Resultate
Anzahl Personen mit jedem Resultat
Perzentil nach korrekt beantworteten Fragen
Ihre Resultats-Entwicklung
Sie haben dieses Quiz noch nicht gespielt